000 00323nam a2200157Ia 4500
100 _aYoung/Biemond
490 _v1
942 _cBK
654 _asignal processing
245 _aSignal processing III
260 _bNorth Holland
_c1986
082 _a621.3822
_bYOU
300 _a660
546 _aENGLISH
999 _c22237
_d22237